| 000 | 01128nam a2200301 a 4500 | ||
|---|---|---|---|
| 001 | 000111361 | ||
| 003 | CHAP | ||
| 005 | 20220329144208.0 | ||
| 008 | 150330s2015 mx a fsm |||||||spa d | ||
| 010 | _a107823 | ||
| 011 | _a108795 | ||
| 040 | _cCHAP | ||
| 090 | _aTesis | ||
| 100 | 1 |
_aLaville, Nelson _9129217 |
|
| 245 | 1 | 0 |
_aPatógenos asociados, frecuencia de aislamiento, y efecto de la inoculación secuencial en la expresión de síntomas de marchitez chile _h[En línea] _cpor Nelson Laville. |
| 260 |
_aChapingo, Méx. : _bEl autor, _c2015. |
||
| 500 | _aPara ver el contenido del material haga clic en la liga | ||
| 502 | _aTesis (M. C. en Protección Vegetal) -- UACH. Departamento de Parasitología Agrícola | ||
| 590 |
_aE5995AHE _b05 _c20150330 _lUCH01 _h1327 |
||
| 590 |
_aE5995AHE _b05 _c20150330 _lUCH01 _h1327 |
||
| 590 |
_aE5995AHE _b05 _c20150414 _lUCH01 _h1304 |
||
| 650 | 1 | 4 |
_aChile (Botánica) _xEnfermedades por hongos. _922354 |
| 650 | 1 | 4 |
_aMarchitez del chile. _971282 |
| 856 |
_aFinding aid _uhttp://10.13.5.2/tesis/sist111361.pdf _zTeclea aquí |
||
| 901 | _aBK | ||
| 942 | _cTESIS | ||
| 942 | _n0 | ||
| 999 |
_c107823 _d107823 |
||